000 00196pam a2200097 a 4500
020 _c
041 _aeng
245 _aPandit Jawaharlal Neharu
_hTextual Documents
300 _a159p.
930 _a15294
999 _c92194
_d92194